Это кто (Запись № 584725)

Подробности
000 -МАРКЕР
контрольное поле 01418nam0a2200349 4500
001 - ИДЕНТИФИКАТОР ЗАПИСИ
контрольное поле RU\NLR\bibl\1309809
005 - ИДЕНТИФИКАТОР ВЕРСИИ
контрольное поле 20260607053749.0
010 ## - МЕЖДУНАРОДНЫЙ СТАНДАРТНЫЙ НОМЕР КНИГИ (ISBN)
Номер (ISBN) 978-5-9921-0392-2
Тираж 10000
021 ## - НОМЕР ГОСУДАРСТВЕННОЙ РЕГИСТРАЦИИ
Код страны Российская Федерация
Номер 2008-86857
Номер Листа государственной регистраци 5069
021 ## - НОМЕР ГОСУДАРСТВЕННОЙ РЕГИСТРАЦИИ
Код страны Российская Федерация
Номер 2008-86905
Номер Листа государственной регистраци 5072
021 ## - НОМЕР ГОСУДАРСТВЕННОЙ РЕГИСТРАЦИИ
Код страны Российская Федерация
Номер 2008-86950
Номер Листа государственной регистраци 5075
035 ## - ДРУГИЕ СИСТЕМНЫЕ НОМЕРА
Идентификатор записи (NLR Aleph) 001295275
100 ## - ДАННЫЕ ОБЩЕЙ ОБРАБОТКИ
Данные общей обработки 20081217d2008 |||y0rusy50 ca
101 0# - ЯЗЫК РЕСУРСА
Язык текста, звукозаписи и т.д. русский
102 ## - СТРАНА ПУБЛИКАЦИИ ИЛИ ПРОИЗВОДСТВА
Страна публикации Российская Федерация
105 ## - ПОЛЕ КОДИРОВАННЫХ ДАННЫХ: ТЕКСТОВЫЕ МАТЕРИАЛЫ, МОНОГРАФИЧЕСКИЕ
Кодированные данные о монографическом текстовом документе a |||||||||
200 1# - ЗАГЛАВИЕ И СВЕДЕНИЯ ОБ ОТВЕТСТВЕННОСТИ
Основное заглавие Это кто
Сведения, относящиеся к заглавию [стихи
-- для чтения взрослыми детям]
Первые сведения об ответственности Т. Коти
Последующие сведения об ответственности [худож. Т. Андреева]
210 ## - ПУБЛИКАЦИЯ, РАСПРОСТРАНЕНИЕ И ДР.
Место издания, распространения и т.д. [Москва]
Имя издателя, распространителя и т. д. ЛИНГ
-- ЛИНГ-книга
Дата издания, распространения и т.д. 2008
215 ## - ФИЗИЧЕСКАЯ ХАРАКТЕРИСТИКА
Специфическое обозначение материала и объем [9] с.
Другие сведения о физической характеристике цв. ил.
Размеры 12х15
225 1# - СЕРИЯ
Основное заглавие серии Кто-кто в синем море живет
225 1# - СЕРИЯ
Основное заглавие серии Читаем с мамой
225 1# - СЕРИЯ
Основное заглавие серии Серия "Вырубка"
Наименование части Рыбы
700 #1 - ИМЯ ЛИЦА - ПЕРВИЧНАЯ ОТВЕТСТВЕННОСТЬ
Код отношения Автор
Графика поля Кириллица
Материалы, к которым относится поле rus
Начальный элемент ввода Коти
Часть имени, кроме начального элемента ввода Т. Ю.
Расширение инициалов личного имени Татьяна Юрьевна
Системный номер авторитетной/нормативной записи 18520
Идентификатор авторитетной/нормативной записи RU\NLR\auth\7735523
702 #1 - ИМЯ ЛИЦА - ВТОРИЧНАЯ ОТВЕТСТВЕННОСТЬ
Код отношения Карикатурист, Художник
Графика поля Кириллица
Материалы, к которым относится поле rus
Начальный элемент ввода Андреева
Часть имени, кроме начального элемента ввода Т. В.
Дополнения к именам, кроме дат художник
Расширение инициалов личного имени Татьяна В.
Системный номер авторитетной/нормативной записи 29939
Идентификатор авторитетной/нормативной записи RU\NLR\auth\7747004
801 #0 - ИСТОЧНИК ЗАПИСИ
Страна Российская Федерация
Организация NLR
Дата составления 20081217
Правила каталогизации RCR
801 #1 - ИСТОЧНИК ЗАПИСИ
Страна Российская Федерация
Организация NLR
Дата составления 20081217
852 ## - МЕСТОНАХОЖДЕНИЕ И ШИФР ХРАНЕНИЯ
Идентификатор организации NLR
Шифр хранения (Call Number) Игр/571
942 ## - ДОПОЛНИТЕЛЬНЫЕ ЭЛЕМЕНТЫ ЗАПИСИ (АБИС)
Тип экземпляра АБИС Книга
980 ## - КОЛЛЕКЦИЯ
Название коллекции Национальная библиография
Экземпляры
Тип экземпляра Дата поступления Источник поступления Библиотека постоянного хранения Библиотека текущего хранения Место хранения Шифр хранения Штрих-код Статус экземпляра
Книга 19.12.2008 Обязательный экземпляр РНБ (Московский) РНБ (Московский) Обменный фонд   2818312  
Книга 19.12.2008 Обязательный экземпляр РНБ (Московский) РНБ (Московский) Обменный фонд   2819072  
Книга 18.12.2008 Обязательный экземпляр РНБ (Садовая) РНБ (Садовая) Русский книжный фонд -Главное здание, Ленинский читальный зал Игр/571 1295275-10